| 000 | 01274nam a22002417a 4500 | ||
|---|---|---|---|
| 999 |
_c6127 _d6127 |
||
| 003 | AR-CdUCM | ||
| 008 | 190313b ||||| |||| 00| 0 spa d | ||
| 040 |
_aMUNICIPALIDAD PROVINCIAL DEL CUSCO _cBIBLIOTECA MUNICIPAL DEL CUSCO |
||
| 082 |
_a869.963 / _bM26 |
||
| 100 |
_aMarti, José _93892 |
||
| 245 | _aObras escogidas en tres tomos : | ||
| 260 |
_aLa Habana : _bEditorial de Ciencias Sociales, _c1992. |
||
| 300 |
_a3 tomos ; _c24 cm. |
||
| 440 |
_aColección textos Martianos. _917773 |
||
| 500 | _aCentro de Estudios Martianos. | ||
| 505 | _aContenido: t.1: 1869 - 1885 -- El diablo cojuelo -- El presidio político en Cuba -- La república española ante la revolución Cubana -- Hora de lluvia -- Variedades de París -- Boletín ... -- t.2: Grandes motines de obreros -- Correspondencia particular para el partido liberal -- El terremoto de Chaleston -- Correspondencia particular de el partido liberal -- Fiestas de la estatua de la libertad ... -- t.3: A Nestor L. Carbonell -- Con todos y para el bien de todos -- Los pinos nuevos -- Resoluciones -- Bases del partido revolucionario Cubano ... | ||
| 650 |
_aSiglo XX _98 |
||
| 650 |
_aLiteratura _983 |
||
| 650 |
_aPoesías cubanas _917349 |
||
| 650 |
_aObras _96865 |
||
| 942 |
_2ddc _cLIBROS |
||
| 945 | _aachl | ||